000 00587nmm a2200205Ia 4500
008 251105s9999||||xx |||||||||||||||||und||
020 _a9788490655955
041 _aspa
100 _aShelley, Mary
245 0 _aPoemas de convivencia
264 _a[Madrid, España] :
_bAlba Editorial,
_c[Fecha de publicación no identificada]
300 _a208 páginas
490 _aAlba Poesía
650 _aEnglish poetry
700 _aShelley, Mary
700 1 _a Shelley, Percy
700 1 _a Torné, Gonzalo
856 _uhttps://public.digitaliapublishing.com/a/80261
942 _cCF
999 _c71368
_d71368